<?xml version="1.0" encoding="UTF-8"?>
<collection xmlns="http://www.loc.gov/MARC21/slim">
 <record>
  <leader>01151nam a2200217   4500</leader>
  <controlfield tag="001">1/27373</controlfield>
  <controlfield tag="008">050722s        lu a         n000 0 eng d</controlfield>
  <datafield tag="020" ind1=" " ind2=" ">
   <subfield code="a">9282821749</subfield>
  </datafield>
  <datafield tag="035" ind1=" " ind2=" ">
   <subfield code="l">29233</subfield>
  </datafield>
  <datafield tag="082" ind1="0" ind2="0">
   <subfield code="a">KET 338.642 EMP</subfield>
  </datafield>
  <datafield tag="111" ind1="2" ind2=" ">
   <subfield code="a">European Conference of Crafts and Small Businesses</subfield>
   <subfield code="n">(3rd:</subfield>
   <subfield code="d">1997:</subfield>
   <subfield code="c">Milan, Italy)</subfield>
  </datafield>
  <datafield tag="245" ind1="1" ind2="0">
   <subfield code="a">Employment through innovation:</subfield>
   <subfield code="b">preparing Milan: Third European Conference of Crafts and Small Businesses, Milan 20th and 21st November 1997</subfield>
  </datafield>
  <datafield tag="260" ind1=" " ind2=" ">
   <subfield code="a">[Luxembourg]:</subfield>
   <subfield code="b">[Office for Official Publications of the European Communities],</subfield>
   <subfield code="c">[1997]</subfield>
  </datafield>
  <datafield tag="300" ind1=" " ind2=" ">
   <subfield code="a">45 σ.:</subfield>
   <subfield code="b">εικ.;</subfield>
   <subfield code="c">30 εκ.</subfield>
  </datafield>
  <datafield tag="650" ind1=" " ind2="4">
   <subfield code="a">Small business</subfield>
   <subfield code="z">European Union countries</subfield>
   <subfield code="x">Government policy</subfield>
   <subfield code="x">Congresses.</subfield>
  </datafield>
  <datafield tag="650" ind1=" " ind2="4">
   <subfield code="a">Handicraft industries</subfield>
   <subfield code="x">Government policy</subfield>
   <subfield code="z">European Union countries</subfield>
   <subfield code="x">Congresses.</subfield>
  </datafield>
  <datafield tag="650" ind1=" " ind2="4">
   <subfield code="a">New business enterprises</subfield>
   <subfield code="x">Government policy</subfield>
   <subfield code="z">European Union countries</subfield>
   <subfield code="x">Congresses.</subfield>
  </datafield>
  <datafield tag="650" ind1=" " ind2="4">
   <subfield code="a">Self-employed</subfield>
   <subfield code="x">Government policy</subfield>
   <subfield code="z">European Union countries</subfield>
   <subfield code="x">Congresses.</subfield>
  </datafield>
  <datafield tag="650" ind1=" " ind2="4">
   <subfield code="a">Job creation</subfield>
   <subfield code="z">European Union countries</subfield>
   <subfield code="x">Congresses.</subfield>
  </datafield>
  <datafield tag="710" ind1="2" ind2=" ">
   <subfield code="a">European Commission.</subfield>
  </datafield>
  <datafield tag="852" ind1=" " ind2=" ">
   <subfield code="a">INST</subfield>
   <subfield code="b">UNIPILB</subfield>
   <subfield code="c">KET</subfield>
   <subfield code="e">20050722</subfield>
   <subfield code="h">KET 338.642 EMP</subfield>
   <subfield code="p">00146005</subfield>
   <subfield code="q">00146005</subfield>
   <subfield code="t">LOAN</subfield>
   <subfield code="y">0</subfield>
   <subfield code="4">1</subfield>
  </datafield>
 </record>
</collection>
